Evénements du 13 décembre - Statistiques

Statistiques générales
  • Ce quiz a été pris 40 fois
  • Le résultat moyen est 6 sur 15
Statistiques - réponses
Hint Réponse % Correct
Serge Gainsbourg achète le manuscrit de La Marseillaise 1981
74%
Arrestation de Saddam Hussein en Irak 2003
74%
Mort de Pépin 1er, roi d'Aquitaine 838
74%
Adoption d'une charte du Droit de l'espace 1963
52%
Naissance du poète Heinrich Heine 1797
45%
Création en Allemagne de la société Haribo 1920
42%
Mort de l'homme politique Antoine Pinay 1994
42%
Mort du pape Calixte II 1124
39%
Mort du chanteur Philippe Clay 2007
35%
Naissance de l'acteur Curd Jurgens 1915
32%
Isabelle la Catholique devient reine de Castille 1474
29%
Le pape Célestin V renonce à ses fonctions 1294
23%
Naissance du roi Henri IV 1553
23%
Mort du sculpteur Donatello 1466
16%
Naissance de Maximilien de Béthune, duc de Sully 1559
16%
Aucun quiz correspondant
Distribution des résultats
% des personnes avec chaque résultat
Percentile par nombre de réponses
Votre historique - résultats
Vous n’avez pas pris ce quiz